000 00362cam a2200145ua 4500
041 _aeng
_h
082 _a822
_bIBS/IB
100 _aIbsen, .
245 _aIbsen: the league of youth emperor vol 4 /
_cIbsen.
_hTextual Documents
260 _aLondon :
_bOxford University Press ,
_c1963.
300 _a616 ; .
504 _a
942 _cBK
999 _c655
_d655